00834nam a2200241Ia 4500003000400000005001700004008004100021020001800062040001800080041000800098082002100106100002700127245006900154250001200223260004600235300003000281650003900311650003200350650003100382942003000413999001900443952013000462OSt20251231125644.0210716s2011 xx 000 0 und d a9788126531363 cAIMIT LIBRARY aeng a006.37 21bSTER aStephens, Rod.9249819 aVisual basic programming : b24 hour trainer /cBy Rod Stephens. a1st ed. aNew Delhi :bWiley India Pvt Ltd ,c2011. axlii,458p. ;bPBc23.9 cm aVariables and calculations9249820 aSystem interactions9249821 aSpecialized topics9249822 2ddccBKe1stk006.37 STER c191642d191642 001040708MCAaAIMITbAIMITeKnowledge Worldg599.00l0o006.37 STERpMCA11150r2026-05-23 00:00:00v449.25w2021-07-16yBK